Problemas fundamentales de la democracia moderna

Збережено в:
Бібліографічні деталі
Автор: Leibholz, Gerhard (Автор)
Формат: Книга
Мова:Іспанська
Опубліковано: Madrid Instituto de Estudios Políticos 1971
Серія:Civitas
Предмети:
Теги: Додати тег
Немає тегів, Будьте першим, хто поставить тег для цього запису!

MARC

LEADER 00000nam a2200000 a 4500
001 UCV3239
003 CL-VaPUC
008 930506e19710000SP |||||||||||||||||spa|d
082 0 4 |a 321.8  |b LEI  |2 21 
100 |a Leibholz, Gerhard  |e author  |9 297506 
245 1 0 |a Problemas fundamentales de la democracia moderna 
300 |a 255 p 
942 |c BK 
945 |d 19930506 00:00:00 
260 |a Madrid  |b Instituto de Estudios Políticos  |c 1971 
650 0 |a Democracia  |9 255256 
650 0 |a Gobierno representativo   |9 258886 
650 7 |a CUERPOS LEGISLATIVOS  |2 CL-VaPUC  |9 256166 
583 |a last modification  |c 20140820 11:34:00  |k Rodrigo Vera 
490 0 |a Civitas 
999 |c 210532  |d 210530 
952 |0 0  |1 0  |4 0  |6 321_800000000000000_LEI_1971  |7 0  |8 A  |9 186877  |a BIBDER  |b BIBDER  |d 2019-11-14  |i 2544695  |o 321.8 LEI 1971  |p 2544695  |r 2023-01-25  |w 2019-11-14  |y BK  |k DER